The women's movement in religious communities in India / (Record no. 91)

MARC details
000 -LEADER
fixed length control field 01199cam a2200349 a 4500
001 - CONTROL NUMBER
control field 13035615
003 - CONTROL NUMBER IDENTIFIER
control field GBCCL
005 - DATE AND TIME OF LATEST TRANSACTION
control field 20241126110329.0
008 - FIXED-LENGTH DATA ELEMENTS--GENERAL INFORMATION
fixed length control field 020607s2002 ii b 000 0 eng
010 ## -
-- 2002295236
020 ## - INTERNATIONAL STANDARD BOOK NUMBER
International Standard Book Number 8172146817
025 ## - OVERSEAS ACQUISITION NUMBER
Overseas acquisition number I-E-2002-295236; 05; 70-13
035 ## - SYSTEM CONTROL NUMBER
System control number (DLC) 2002295236
037 ## - SOURCE OF ACQUISITION
Source of stock number/acquisition Library of Congress -- New Delhi Overseas Office
Terms of availability Rs95.00
040 ## - CATALOGING SOURCE
Original cataloging agency DLC
Transcribing agency DLC
Modifying agency DLC
042 ## -
-- lcode
043 ## -
-- a-ii---
050 00 -
-- HQ1236.5.I4
-- D87 2002
082 00 - DEWEY DECIMAL CLASSIFICATION NUMBER
Classification number 305.420954
Edition information 21
Item number DUR
100 1# - MAIN ENTRY--PERSONAL NAME
Personal name Durrany, K. S.
9 (RLIN) 1678
245 14 - TITLE STATEMENT
Title The women's movement in religious communities in India /
Statement of responsibility, etc. K.S. Durrany.
260 ## - PUBLICATION, DISTRIBUTION, ETC.
Place of publication, distribution, etc. Delhi :
Name of publisher, distributor, etc. Published by ISPCK for CISRS, Bangalore,
Date of publication, distribution, etc. 2002.
300 ## - PHYSICAL DESCRIPTION
Extent xii, 194 p. ;
Dimensions 22 cm.
504 ## - BIBLIOGRAPHY, ETC. NOTE
Bibliography, etc. note Includes bibliographical references (p. [189]-194).
650 #0 - SUBJECT ADDED ENTRY--TOPICAL TERM
Topical term or geographic name entry element Women's rights
Geographic subdivision India
General subdivision History.
9 (RLIN) 1679
650 #0 - SUBJECT ADDED ENTRY--TOPICAL TERM
Topical term or geographic name entry element Women's rights
Geographic subdivision India
General subdivision Religious aspects
-- History.
9 (RLIN) 1680
650 #0 - SUBJECT ADDED ENTRY--TOPICAL TERM
Topical term or geographic name entry element Feminism
Geographic subdivision India
General subdivision History.
9 (RLIN) 1681
650 #0 - SUBJECT ADDED ENTRY--TOPICAL TERM
Topical term or geographic name entry element Religious communities
Geographic subdivision India.
9 (RLIN) 1682
906 ## - LOCAL DATA ELEMENT F, LDF (RLIN)
a 7
b cbc
c origode
d 3
e ncip
f 20
g y-gencatlg
942 ## - ADDED ENTRY ELEMENTS (KOHA)
Source of classification or shelving scheme Dewey Decimal Classification
Koha item type Books
Koha issues (borrowed), all copies 2
Holdings
Withdrawn status Lost status Source of classification or shelving scheme Damaged status Not for loan Home library Current Library Shelving location Date acquired Total checkouts Full call number Barcode Date last seen Date last checked out Copy number Price effective from Koha item type
    Dewey Decimal Classification     GRACE BIBLE COLLEGE GRACE BIBLE COLLEGE General Studies 2016-05-23 2 305.420954 DUR 009574 2025-05-01 2023-03-17 c.1 2016-05-23 Books
© Grace Bible College Library 2025